250 Największych Miast Europy z mapą - Statystyki

Ogólne statystyki
  • Ten quiz został rozwiązany 405 razy
  • Średni wynik to 97 z 246
Odpowiedzi na mapie
Odpowiedzi zakodowano w zielono-czerwonej skali na mapie do tego quizu, zgodnie z poniższymi procentami.
 
Statystyki odpowiedzi
Population Odpowiedź % Poprawnych
2.38m Warszawa
88%
819k Kraków
86%
904k Gdańsk
85%
829k Łódź
84%
641k Wrocław
84%
598k Poznań
83%
379k Lublin
82%
1.19m Oslo
82%
4.78m Barcelona
80%
435k Szczecin
80%
1.30m Helsinki
79%
14.8m Londyn
79%
2.00m Mińsk
79%
572k Wilno
79%
4.73m Berlin
78%
350k Bydgoszcz
78%
1.68m Kopenhaga
78%
17.3m Moskwa
78%
3.58m Rzym
78%
1.39m Dublin
77%
2.25m Monachium
77%
11.4m Paryż
77%
2.23m Sztokholm
77%
3.48m Kijów
76%
1.44m Praga
76%
688k Ryga
76%
2.88m Hamburg
75%
2.48m Amsterdam
74%
725k Lwów
74%
6.55m Madryt
74%
1.54m Porto
74%
465k Tallinn
74%
3.35m Ateny
73%
3.05m Manchester
73%
1.68m Glasgow
72%
6.20m Mediolan
72%
4.23m Neapol
72%
16.0m Stambuł
72%
2.63m Budapeszt
71%
2.20m Bukareszt
71%
1.88m Liverpool
71%
2.48m Lizbona
71%
1.66m Marsylia
71%
2.25m Wiedeń
71%
476k Bratysława
70%
1.30m Sofia
70%
2.70m Bruksela
69%
1.64m Turyn
69%
809k Zagrzeb
69%
482k Kaliningrad / Królewiec
68%
1.98m Lyon
68%
1.29m Sewilla
68%
1.42m Belgrad
67%
3.25m Rotterdam / Haga
67%
1.84m Walencja
67%
5.00m Kolonia / Dusseldorf
66%
1.44m Donieck
65%
900k Palermo
65%
806k Saloniki
65%
422k Bern
64%
872k Tirana
64%
1.64m Charków
63%
1.01m Florencja
63%
1.11m Odessa
63%
371k Sarajewo
63%
935k Edynburg
62%
623k Belfast
61%
3.15m Birmingham
61%
585k Kiszyniów
61%
946k Nicea
61%
433k Wenecja
61%
911k Bilbao
60%
834k Drezno
60%
489k Malmo
60%
553k Skopje
60%
423k Brno
58%
373k Lublana
58%
520k Ostrawa
58%
708k Goteborg
57%
748k Lipsk
57%
5.65m Sankt Petersburg
56%
2.40m Stuttgart
56%
1.29m Lille
54%
1.03m Malaga
54%
1.43m Zurych
54%
1.00m Brema
53%
460k Valletta
53%
1.08m Bordeaux
52%
960k Cardiff
52%
791k Genewa
51%
1.48m Newcastle
51%
357k Grodno
50%
2.18m Leeds
49%
1.04m Tuluza
49%
1.22m Antwerpia
48%
586k Bari
48%
3.25m Frankfurt nad Menem
48%
348k Graz
48%
1.15m Hanower
48%
726k Saragossa
47%
613k Bolonia
45%
1.39m Dniepr
45%
542k Strasbourg
45%
581k Genua
44%
704k Katania
43%
1.26m Kazań
43%
1.16m Southampton
43%
1.41m Wołgograd
43%
340k Brest
41%
323k Nowy Sad
41%
409k Sewastopol
41%
716k Nantes
40%
472k Palma de Mallorca / Palma
40%
349k Warna
40%
1.73m Niżny Nowogród
39%
1.30m Rostów nad Donem
39%
463k Werona
39%
379k Linz
38%
771k Bazylea
37%
926k Bristol
37%
439k Soczi
37%
739k Zaporoże
36%
404k Ługańsk
35%
432k Cagliari
34%
712k Leicester
34%
440k Mariupol
34%
406k Vigo
34%
552k Eindhoven
33%
915k Krasnodar
33%
1.38m Nottingham
33%
329k Smoleńsk
33%
325k Kluż-Napoka
32%
1.57m Sheffield
32%
325k Kilonia
31%
426k San Sebastian
31%
510k Homel
30%
1.30m Samara
30%
995k Utrecht
30%
379k Aarhus
29%
490k Alicante
29%
515k Augsburg
29%
528k Montpellier
29%
685k Murcja
29%
419k Swansea
28%
365k Witebsk
28%
388k A Coruna
27%
401k Cadiz / Kadyks
27%
625k Krzywy Róg
27%
1.58m Mannheim
27%
483k Mikołajów
27%
653k Liege
26%
428k Lozanna
26%
438k Płowdiw
26%
1.13m Ufa
26%
596k Brighton
25%
409k Rennes
25%
356k Konstanca
24%
1.10m Perm
24%
907k Saarbrucken
24%
524k Granada
23%
322k Kordoba
23%
370k Winnica
23%
935k Bielefeld
22%
471k Gandawa
22%
357k Mohylew
22%
348k Archangielsk
21%
491k Padwa
21%
338k Tampere
21%
446k Groźny
20%
319k Timisoara
20%
534k Astrachań
19%
610k Jarosław
19%
342k Symferopol
19%
383k Valladolid
19%
720k Machaczkała
18%
1.20m Norymbergia
18%
441k Saint Etienne
18%
427k Charleroi
17%
712k Chersoń
17%
325k Maastricht
17%
446k Metz
17%
1.41m Czelabińsk
16%
450k Kursk
16%
1.09m Saratów
16%
321k Braszów
15%
449k Chemnitz
15%
458k Brescia
14%
352k Fryburg
14%
560k Arnhem / Nijmegen
13%
553k Bournemouth
13%
438k Brunszwik
13%
399k Modena
13%
479k Tuła
13%
813k Aachen
12%
409k Biełgorod
12%
404k Briańsk
12%
539k Grenoble
12%
516k Karlsruhe
12%
487k Rouen
12%
402k Tarragona
12%
421k Twer
12%
346k Clermont-Ferrand
11%
319k Halle
11%
359k Northampton
11%
558k Riazań
11%
402k Tours
11%
581k Tulon
11%
337k Kaluga
10%
340k Kassel
10%
502k Mönchengladbach
10%
528k Stawropol
10%
442k Stoke-on-Trent
10%
366k Tarent
10%
414k Enschede
9%
403k Kingston-upon-Hull
9%
338k Nancy
9%
565k Orenburg
9%
436k Iwanowo
8%
649k Iżewsk
8%
585k Kirow
8%
628k Uljanowsk
8%
1.06m Voroneż
8%
482k Awinion
7%
556k Lipieck
7%
413k Magnitogorsk
7%
511k Middlesbrough
7%
534k Nabierieżnyje Czełny
7%
587k Penza
7%
322k Tambow
7%
756k Toljatti
7%
358k Władimir
7%
451k Blackburn
6%
355k Pamplona
6%
394k Castellón de la Plana
5%
622k Czeboksary
5%
1.66m Jakaterynburg
5%
349k Koblencja
5%
347k Preston
5%
332k Heilbronn
4%
352k Niżny Tagił
4%
354k Bethune
2%
379k 's-Hertogenbosch
2%
341k Valenciennes
2%
354k Gorłówka
1%
345k Massa
1%
322k Piatigorsk
0%
Nie znaleziono quizów pasujących do podanych kryteriów
Rozkład punktacji
Procent ludzi z każdym wynikiem
Percentyl według liczby udzielonych odpowiedzi
Twoja historia wyników
Nie rozwiązałeś tego quizu